000 00262nam a2200097 a 4500
005 20200930055142.0
008 110412s1995 000 spa d
245 0 _aPresente y futuro de los bosques dominicanos.
260 _aSanto Domingo,
_c1995.
999 _c28303
_d28303
040 _aDO-SdBNP